Marketingová politika firmy - předpoklad pro přežití.
Popis metódy "Tvorba marketingovej politiky" a jej aplikácia v čs. podnikoch v r. 1992 a 1993. Potreba využívania systémov účtovníctva, vnútropodnikovej kalkulácie a evidencie pre strategické a taktické riadenie. Účel a zmysel marketingovej politiky. Voľba marketingovej stratégie. Prínos marketingov...
Saved in:
| Main Author: | |
|---|---|
| Format: | Book Chapter |
| Language: | Czech |
| Subjects: | |
| Tags: |
No Tags, Be the first to tag this record!
|
MARC
| LEADER | 00000naa a2200000 4500 | ||
|---|---|---|---|
| 001 | r012028 | ||
| 005 | 20220826094823.7 | ||
| 041 | 0 | |a cze | |
| 044 | |a CZ | ||
| 245 | 1 | 0 | |a Marketingová politika firmy - předpoklad pro přežití. |c M. Rabiška |
| 520 | |a Popis metódy "Tvorba marketingovej politiky" a jej aplikácia v čs. podnikoch v r. 1992 a 1993. Potreba využívania systémov účtovníctva, vnútropodnikovej kalkulácie a evidencie pre strategické a taktické riadenie. Účel a zmysel marketingovej politiky. Voľba marketingovej stratégie. Prínos marketingovej politiky pre podnik. | ||
| 610 | 2 | 0 | |a marketing |
| 610 | 2 | 0 | |a firmy |
| 610 | 2 | 0 | |a ČSFR |
| 610 | 2 | 0 | |a riadenie strategické |
| 610 | 2 | 0 | |a taktika podniková |
| 610 | 2 | 0 | |a 1992 |
| 610 | 2 | 0 | |a 1993 |
| 610 | 2 | 0 | |a tvorba plánu |
| 610 | 2 | 0 | |a predaj |
| 610 | 2 | 0 | |a politika cenová |
| 610 | 2 | 0 | |a riadenie vnútropodnikové |
| 100 | 1 | |a Rabiška, M. | |